[Event "AUTO-INT-3062"]
[Site "http://www.queenalice.com/game.php?id=1388143"]
[Date "2015.10.8"]
[Round "1"]
[White "hankito222"]
[Black "Ditto"]
[Result "0-1"]
[WhiteElo "1397"]
[BlackElo "1672"]

1. e4 e5 2. Nf3 Nc6 3. d4 exd4 4. Nxd4 Ne5 5. f4 Nc6 6. Be3 Bb4+ 7. c3 Be7 8.
Nf5 Nf6 9. Bd3 d6 10. Nxg7+ Kf8 11. e5 dxe5 12. O-O Kxg7 13. f5 e4 14. Bxe4 Nxe4
15. Qg4+ Ng5 16. h4 h6 17. hxg5 hxg5 18. Nd2 Bf6 19. Ne4 Be5 20. f6+ Bxf6 21.
Rxf6 Bxg4 22. Bxg5 Qd3 23. Nf2 Qc4 24. Re1 Be6 25. g4 Qc5 26. Be3 Qd6 27. Bf4
Qe7 28. g5 Qc5 29. b4 Qxc3 30. Re4 Qa1+ 31. Kg2 Bd5 32. b5 Ne7 33. Be5 Bxe4+ 34.
Nxe4 Qxe5 35. Kf3 Rh3+ 36. Ng3 Qxg3+ 37. Ke2 Rh2+ 38. Kf1 Qg2+ 0-1

[Event "AUTO-INT-3062"]
[Site "http://www.queenalice.com/game.php?id=1388168"]
[Date "2015.10.8"]
[Round "1"]
[White "Huevo"]
[Black "hankito222"]
[Result "1-0"]
[WhiteElo "1826"]
[BlackElo "1390"]

1. e4 e5 2. Nf3 Bd6 3. Bc4 Nf6 4. d3 h6 5. Nc3 a6 6. Be3 b5 7. Bb3 Bb4 8. Bd2
Ba5 9. Nxe5 c6 10. f4 d6 11. Nxf7 Qe7 12. Nxh8 d5 13. Qe2 Bb6 14. Ng6 Qf7 15.
exd5+ Kd8 16. Ne5 Qe7 17. dxc6 g5 18. fxg5 Ng4 19. Nf7+ Ke8 20. Nd6+ Kd8 21.
Qxe7+ Kxe7 22. Nxc8+ Kd8 23. Nxb6 Ra7 24. Bd5 Re7+ 25. Ne4 Kc7 26. Na8+ Kc8 27.
O-O Re8 28. gxh6 Kd8 29. Bg5+ Re7 30. Rf8# 1-0

[Event "AUTO-INT-3062"]
[Site "http://www.queenalice.com/game.php?id=1388169"]
[Date "2015.10.8"]
[Round "1"]
[White "hankito222"]
[Black "Huevo"]
[Result "0-1"]
[WhiteElo "1388"]
[BlackElo "1853"]

1. e4 Nf6 2. Bd3 e5 3. Nf3 Nc6 4. Bc4 Bc5 5. h3 d6 6. Ng5 O-O 7. d3 Qe7 8. Qf3
Be6 9. Nc3 a6 10. Qg3 Bxc4 11. dxc4 Nb4 12. O-O Nxc2 13. Rb1 Rab8 14. Bd2 b5 15.
cxb5 axb5 16. Qh4 h6 17. Nf3 Nd4 18. Qg3 Kh7 19. Nd5 Nxd5 20. exd5 Ne2+ 21. Kh2
Nxg3 22. fxg3 f5 23. Rfe1 Qf7 24. g4 f4 25. g5 Qxd5 26. a3 e4 27. Nh4 Qxd2 28.
g6+ Kg8 29. Rxe4 f3 30. Nxf3 Rxf3 31. Rbe1 Kf8 32. Kh1 Rf6 33. b4 Bd4 34. R4e2
Qd3 35. g4 Qxa3 36. Kg2 Qxb4 37. h4 Bc3 38. Re4 Bxe1 39. Rxb4 Bxb4 40. g5 Rxg6
41. Kf3 hxg5 42. h5 Rf6+ 43. Kg4 Bd2 44. Kh3 Rf4 45. Kg3 Re8 46. Kg2 Re3 47. Kh1
Re2 48. Kg1 b4 49. Kh1 Rf1# 0-1

[Event " ."]
[Site "http://www.queenalice.com/game.php?id=1390301"]
[Date "2015.10.22"]
[Round "-"]
[White "hankito222"]
[Black "ulisses67"]
[Result "1-0"]
[WhiteElo "1435"]
[BlackElo "1449"]

1. e4 e5 2. Nf3 Nc6 3. Bc4 Na5 4. d3 Nxc4 5. dxc4 d6 6. Be3 Be6 7. Qd3 c6 8. Nc3
d5 9. Nxe5 f6 10. cxd5 cxd5 11. exd5 Bxd5 12. Qxd5 Qxd5 13. Nxd5 Bd6 14. Nc4 Rd8
15. Bxa7 Be5 16. O-O-O Ra8 17. Bc5 Rxa2 18. Rhe1 Kf7 19. Ba3 Bxb2+ 20. Nxb2 Rxa3
21. h4 1-0

[Event "Challenge"]
[Site "http://www.queenalice.com/game.php?id=1391982"]
[Date "2015.11.2"]
[Round "-"]
[White "pj"]
[Black "hankito222"]
[Result "1-0"]
[WhiteElo "1520"]
[BlackElo "1481"]

1. e4 e5 2. g4 Nf6 3. f3 d5 4. d3 c5 5. Nd2 c4 6. dxc4 Bb4 7. c3 Ba5 8. b4 Bb6
9. c5 Bc7 10. g5 Nh5 11. a4 d4 12. Qc2 O-O 13. Nc4 Be6 14. a5 Nc6 15. a6 b5 16.
cxb6 axb6 17. b5 Ne7 18. Nd2 f5 19. gxf6 gxf6 20. Nc4 dxc3 21. Bh6 Re8 22. Qg2+
Kf7 23. Rd1 Qc8 24. Be2 Bd7 25. f4 Nxf4 26. Qg7+ Ke6 27. Bg4+ f5 28. exf5+ Nxf5
29. Bxf5+ Kxf5 30. Qxh7+ Kf6 31. Bg7+ Kg5 32. Nf3+ Kg4 33. Kf2 e4 34. h3+ Nxh3+
35. Qxh3+ Kf4 36. Qg3+ Kf5 37. Qg5+ Ke6 38. Qf6# 1-0

[Event "Challenge"]
[Site "http://www.queenalice.com/game.php?id=1392527"]
[Date "2015.11.5"]
[Round "-"]
[White "hankito222"]
[Black "adelio"]
[Result "1-0"]
[WhiteElo "1452"]
[BlackElo "1781"]

1. e4 a6 2. c4 e5 3. Nf3 d6 4. Nc3 c6 5. d4 Be7 6. dxe5 g6 7. h4 Bg4 8. Be2 Bxf3
9. Bxf3 Bxh4 10. g3 dxe5 11. gxh4 Qxd1+ 12. Bxd1 Nd7 13. Bg4 Ndf6 14. Bh3 Rd8
15. Bg5 h6 16. Be3 Ne7 17. Rd1 Nh5 18. Bb6 Rxd1+ 19. Nxd1 Nf4 20. Bg4 Ng2+ 21.
Kf1 h5 22. Bh3 Nf4 23. Ke1 Nxh3 24. Rxh3 Ng8 25. Rd3 Ke7 26. Rd8 Kf6 27. b4 Kg7
28. Rd7 Nf6 29. Rxb7 Nxe4 30. Rc7 Rd8 31. Rxc6 g5 32. Bxd8 g4 33. c5 f6 34. Rxa6
g3 35. fxg3 Nxg3 36. c6 Nf5 37. c7 Nxh4 38. Bxf6+ Kf7 39. c8=Q Nf3+ 40. Kf2 e4
41. Qf5 Kg8 42. Qg6+ Kf8 43. Qg7+ Ke8 44. Ra8# 1-0

[Event "Challenge"]
[Site "http://www.queenalice.com/game.php?id=1392528"]
[Date "2015.11.5"]
[Round "-"]
[White "hankito222"]
[Black "Jaumins"]
[Result "0-1"]
[WhiteElo "1386"]
[BlackElo "1258"]

1. e4 e5 2. Nf3 d6 3. Bc4 Nf6 4. h4 Nxe4 5. Ng5 Nxg5 6. hxg5 Qxg5 7. g3 g6 8.
Qe2 Bg7 9. d4 Qe7 10. O-O O-O 11. dxe5 Bxe5 12. f4 Bd4+ 13. Kg2 Qd7 14. c3 Re8
15. Qf3 Qh3# 0-1

[Event "HELLO..!"]
[Site "http://www.queenalice.com/game.php?id=1393786"]
[Date "2015.11.12"]
[Round "-"]
[White "hankito222"]
[Black "Candida80"]
[Result "0-1"]
[WhiteElo "1444"]
[BlackElo "1343"]

1. e4 e5 2. c4 a5 3. d4 f6 4. d5 d6 5. Be3 f5 6. exf5 g6 7. fxg6 hxg6 8. Bd3 Bf5
9. g4 Bd7 10. Qe2 Ne7 11. Bg5 c6 12. Be4 Na6 13. Qf3 Nc5 14. Bxg6+ Nxg6 15. Bxd8
Nf4 16. Bf6 Ncd3+ 17. Kd2 Rh4 18. Qg3 Rxg4 19. Qf3 Bh6 20. Kc2 Kf7 21. h3 Rg6
22. Bh4 Nb4+ 23. Kc3 cxd5 24. cxd5 Rc8+ 25. Kb3 Nc2 26. Nc3 Nxa1+ 27. Ka3 Nc2+
28. Kb3 Nd4+ 29. Ka3 Nxf3 30. Nxf3 b5 31. Ne4 Nxd5 32. Nxd6+ Rxd6 33. Rd1 Re8
34. Ng1 Ree6 35. f3 a4 36. Ne2 b4# 0-1

[Event "Challenge"]
[Site "http://www.queenalice.com/game.php?id=1395258"]
[Date "2015.11.21"]
[Round "-"]
[White "hankito222"]
[Black "Jaumins"]
[Result "0-1"]
[WhiteElo "1427"]
[BlackElo "1491"]

1. e4 e5 2. Nf3 d6 3. Bc4 Nf6 4. Ng5 Be6 5. d3 Bxc4 6. dxc4 h6 7. Nf3 Nxe4 8.
O-O Be7 9. Re1 Nc5 10. b4 Nca6 11. a3 b6 12. b5 Nc5 13. Nc3 O-O 14. Nd5 a6 15.
Be3 Nbd7 16. Nd2 axb5 17. cxb5 Nf6 18. Nb4 Qd7 19. h3 Qxb5 20. c4 Qd7 21. Qf3 e4
22. Qg3 Nh5 23. Qg4 Nf6 24. Qg3 Nh5 25. Qg4 Qxg4 26. hxg4 Nf6 27. f3 h5 28. g5
Nfd7 29. fxe4 Rfe8 30. Bf4 Ne5 31. Kh2 f6 32. g6 Nxg6 33. Nc6 Nxf4 34. Rf1 Ng6
35. g3 Ne5 36. Nb4 f5 37. Rxf5 Bf6 38. Raf1 Ng4+ 39. Kg2 Ne3+ 40. Kf2 Nxf5 41.
exf5 Rxa3 42. Nd5 Be5 43. Nxc7 Bxg3+ 44. Kg2 Re2+ 45. Kg1 Rxd2 46. Ne6 Bh2+ 47.
Kh1 Be5 48. Ng5 Rg3 49. Ne6 Rh3+ 50. Kg1 Nxe6 51. fxe6 Rhh2 52. Re1 Kf8 53. Ra1
Bxa1 54. c5 Bd4+ 55. Kf1 Rh1# 0-1

[Event "Challenge"]
[Site "http://www.queenalice.com/game.php?id=1395853"]
[Date "2015.11.24"]
[Round "-"]
[White "hankito222"]
[Black "EdBrazil"]
[Result "0-1"]
[WhiteElo "1478"]
[BlackElo "1582"]

1. e4 e5 2. c4 c5 3. d3 d6 4. Nf3 Nc6 5. a3 Bg4 6. h3 Bh5 7. g4 Bg6 8. Nc3 f6 9.
Nd5 Bf7 10. Nc3 Qd7 11. Bd2 Nd4 12. Be2 Be7 13. Nd5 Bxd5 14. cxd5 h5 15. Nh2
hxg4 16. Bxg4 Qb5 17. b4 Qxd3 18. bxc5 Qxe4+ 19. Be3 Qxh1+ 20. Nf1 Qxd5 21. Qb1
dxc5 22. Ng3 b6 23. Qg6+ Kd8 24. Qxg7 Nc2+ 25. Ke2 Nxa1 26. Qxh8 Qc4+ 27. Kf3
Nc2 28. Qxg8+ Qxg8 29. Kg2 Qd5+ 30. Bf3 Ne1+ 31. Kf1 Nxf3 32. Ke2 Nh2 33. h4
Qf3+ 34. Kd2 Kc7 35. Kc3 Rd8 36. Kc4 b5+ 37. Kxb5 Rb8+ 38. Kc4 Qb7 39. h5 Qb3#
0-1

[Event "AUTO-INT-3078"]
[Site "http://www.queenalice.com/game.php?id=1396027"]
[Date "2015.11.25"]
[Round "1"]
[White "Zeks44"]
[Black "hankito222"]
[Result "1-0"]
[WhiteElo "1593"]
[BlackElo "1429"]

1. e4 e5 2. Nf3 Nc6 3. Bc4 Nf6 4. Ng5 Qe7 5. Nxf7 Rg8 6. Nd6+ cxd6 7. Bxg8 Nxg8
8. Qh5+ g6 9. Qf3 Nh6 10. c3 Qe6 11. O-O d5 12. exd5 e4 13. dxe6 exf3 14. exd7+
Bxd7 15. Re1+ Be7 16. gxf3 O-O-O 17. d4 Bh3 18. Bxh6 g5 19. Nd2 Rd6 20. Bg7 Rg6
21. Bf8 Kd7 22. Bxe7 Nxe7 23. Ne4 g4 24. f4 Nd5 25. f5 Rg8 26. c4 Nf4 27. Nf6+
Kc6 28. Nxg8 b5 29. cxb5+ Kxb5 30. Re4 Nd3 31. b3 g3 32. fxg3 Kb4 33. Re3 Bxf5
34. Ne7 Bg6 35. Nxg6 hxg6 36. Rxd3 Kb5 37. Rc1 Kb4 38. d5 Ka3 39. d6 Kxa2 40.
Rc2+ Kb1 41. Rf2 Kc1 42. Re3 Kd1 43. Kf1 a5 44. Re1# 1-0

[Event "AUTO-INT-3078"]
[Site "http://www.queenalice.com/game.php?id=1396028"]
[Date "2015.11.25"]
[Round "1"]
[White "hankito222"]
[Black "Zeks44"]
[Result "0-1"]
[WhiteElo "1437"]
[BlackElo "1577"]

1. e4 e5 2. g4 Nc6 3. a3 Bc5 4. Nf3 Nf6 5. h3 Nxe4 6. Rh2 d6 7. d3 Nf6 8. Bg5
Be6 9. b4 Bb6 10. c4 a6 11. Nbd2 h6 12. Bh4 g5 13. Bg3 Qd7 14. h4 Nxg4 15. hxg5
Nxh2 16. Nxh2 hxg5 17. Ne4 Qe7 18. Qd2 O-O-O 19. Nxg5 Rh5 20. f4 exf4 21. Bxf4
Bd4 22. Rc1 Bh3+ 23. Be2 Bg4 24. Nf1 Ne5 25. Kd1 Rh1 26. Be3 Bxe3 27. Qxe3 Rxf1+
28. Kd2 Rxc1 29. Kxc1 Bxe2 30. Ne4 Bxd3 31. c5 Qh4 32. Nf2 Qc4+ 33. Kd1 Bc2+ 34.
Ke1 Re8 35. Kd2 Qa2 36. Kc1 Nd3+ 37. Qxd3 Bxd3 38. Nxd3 Re2 39. Nb2 Qa1# 0-1

[Event "AUTO-INT-3078"]
[Site "http://www.queenalice.com/game.php?id=1396043"]
[Date "2015.11.25"]
[Round "1"]
[White "hankito222"]
[Black "lroque"]
[Result "0-1"]
[WhiteElo "1466"]
[BlackElo "1328"]

1. e4 c5 2. e5 d6 3. f4 g6 4. d4 Qa5+ 5. c3 Nd7 6. Bc4 b5 7. Bd3 cxd4 8. Bd2
dxc3 9. Bxc3 Qb6 10. Qe2 Bb7 11. exd6 Qxd6 12. Nf3 Ngf6 13. Bxb5 Bg7 14. Qc4 O-O
15. Bd2 Rac8 16. Qb3 Qc5 17. Be3 Bd5 18. Qd3 Qc7 19. b3 Ne4 20. Qxd5 Nc3 21. Qg5
Ne4 22. Qxe7 Bxa1 23. Bxd7 Bf6 24. Qxe4 Qxd7 25. Bxa7 Qxa7 26. Nbd2 Rfe8 27. Ne5
Rc1+ 28. Ke2 Rxh1 29. g4 Rxh2+ 30. Ke1 Qf2+ 31. Kd1 Qxd2# 0-1

[Event "AUTO-INT-3078"]
[Site "http://www.queenalice.com/game.php?id=1396044"]
[Date "2015.11.25"]
[Round "1"]
[White "lroque"]
[Black "hankito222"]
[Result "0-1"]
[WhiteElo "1350"]
[BlackElo "1424"]

1. e4 e5 2. Nf3 Bc5 3. Nc3 f6 4. d4 Bb4 5. a3 exd4 6. Nxd4 Ba5 7. Bc4 c5 8. Bf4
d6 9. Ne2 Bg4 10. h3 Bh5 11. O-O Nc6 12. Qxd6 Nge7 13. Qxd8+ Rxd8 14. Rad1 Rxd1
15. Rxd1 Bf7 16. Bxf7+ Kxf7 17. Rd7 b6 18. Nb5 g5 19. Bg3 Ne5 20. Bxe5 fxe5 21.
Nxa7 Ke6 22. Rd3 c4 23. Rd2 Bxd2 24. c3 Rf8 25. Nb5 Be1 26. f3 h5 27. a4 Rd8 28.
Kh2 h4 29. g3 Rd2 30. Kg2 Bxg3 31. Kf1 Rd1+ 32. Kg2 Re1 33. Nxg3 Ng6 34. Kf2 Rb1
35. Nf5 Rxb2+ 36. Ke3 Nf4 37. Nc7+ Kd7 38. Nd5 Nxh3 0-1

[Event "AUTO-INT-3078"]
[Site "http://www.queenalice.com/game.php?id=1396045"]
[Date "2015.11.25"]
[Round "1"]
[White "hankito222"]
[Black "papyrusmoon"]
[Result "0-1"]
[WhiteElo "1427"]
[BlackElo "1368"]

1. e4 e5 2. g4 Qh4 3. h3 Bc5 4. Qf3 f6 5. a3 Nc6 6. d3 Nd4 7. Qg3 Qxg3 8. fxg3
Nxc2+ 9. Kd1 Nxa1 10. Nd2 Ne7 11. b4 Be3 12. Ndf3 Bxc1 13. Kxc1 d5 14. Kb2 dxe4
15. dxe4 a5 16. b5 Bd7 17. a4 c6 18. Kxa1 cxb5 19. Bxb5 Nc6 20. Ne2 Rc8 21. g5
O-O 22. Bc4+ Kh8 23. gxf6 Rxf6 24. Ng5 Nb4 25. Bd5 h6 26. Nf3 Rxf3 27. Bxb7 Rc2
28. Ba6 Nxa6 29. Nc1 Bxa4 30. Kb1 Nb4 31. Rd1 Ra2 32. Nxa2 Bxd1 33. Nxb4 axb4
34. Kc1 Be2 35. Kd2 Rf2 36. Ke1 Rh2 37. h4 b3 38. Kd2 b2 39. Kc3 b1=Q 40. g4
Bxg4 41. Kc4 Qc1+ 42. Kd5 Rd2+ 43. Kxe5 Qc5+ 44. Kf4 Bh5 45. e5 Qf2+ 46. Ke4
Re2+ 47. Kd5 Bf7+ 48. Kd6 Rd2+ 49. Ke7 Bg8 50. e6 Qa7+ 51. Ke8 Rb2 52. e7 Rb8#
0-1

[Event "AUTO-INT-3078"]
[Site "http://www.queenalice.com/game.php?id=1396046"]
[Date "2015.11.25"]
[Round "1"]
[White "papyrusmoon"]
[Black "hankito222"]
[Result "0-1"]
[WhiteElo "1351"]
[BlackElo "1467"]

1. e4 e5 2. Qh5 Nf6 3. Qxe5+ Be7 4. Qg5 g6 5. d3 h6 6. Qe5 Nc6 7. Qf4 g5 8. Qe3
d5 9. Nc3 b6 10. Nf3 O-O 11. Bd2 Bc5 12. d4 Bd6 13. e5 Ng4 14. Qe2 Be7 15. h3
Nxd4 16. Qd3 Bc5 17. O-O-O Bf5 18. Qa6 Nxf2 19. Nxd4 Bxd4 20. Nb5 Nxh1 21. Bb4
c5 22. Nd6 Bd7 23. Qb7 cxb4 24. Rxd4 a5 25. Rxd5 Qe7 26. Qxb6 f6 27. Qd4 fxe5
28. Rxe5 Rxf1+ 29. Kd2 Qf6 30. Ne4 Qf4+ 31. Kd3 Rd1+ 32. Nd2 Qxd2+ 33. Ke4 Qxd4+
0-1

[Event "Challenge"]
[Site "http://www.queenalice.com/game.php?id=1398670"]
[Date "2015.12.13"]
[Round "-"]
[White "ulisses67"]
[Black "hankito222"]
[Result "1-0"]
[WhiteElo "1394"]
[BlackElo "1414"]

1. e4 e5 2. Qh5 d6 3. Nf3 Nf6 4. Qg5 Nxe4 5. Qxd8+ Kxd8 6. d3 Nc5 7. d4 Ne6 8.
dxe5 d5 9. c3 c5 10. Be3 c4 11. b3 cxb3 12. axb3 h6 13. Bxa7 Bc5 14. Ra5 Bxa7
15. Rxd5+ Bd7 16. Bb5 Nc6 17. Nbd2 Nf4 18. Rd6 Nxg2+ 19. Ke2 Kc7 20. Nc4 Nf4+
21. Kf1 Bb8 22. Rd1 1-0

[Event "Challenge"]
[Site "http://www.queenalice.com/game.php?id=1406928"]
[Date "2016.1.30"]
[Round "-"]
[White "hankito222"]
[Black "pj"]
[Result "1-0"]
[WhiteElo "1409"]
[BlackElo "1518"]

1. e4 e5 2. Nf3 f6 3. d4 d6 4. c3 a5 5. d5 g5 6. Na3 g4 7. Nh4 Ne7 8. Be2 c6 9.
Nc4 b5 10. Na3 b4 11. cxb4 axb4 12. Nc4 h5 13. dxc6 Nbxc6 14. Nxd6+ Kd7 15. Nf7+
Ke8 16. Nxd8 Nxd8 17. O-O Ra7 18. Be3 Rd7 19. Qa4 Ng8 20. Bb5 Rh7 21. Rac1 Ne7
22. Qxb4 Ng6 23. Qc4 Ne7 24. Rfd1 Bh6 25. Bc5 Bxc1 26. Rxc1 Bb7 27. Bxd7+ Kxd7
28. Rd1+ Ke8 29. Qb5+ Bc6 30. Qb8 Bxe4 31. Qxd8+ Kf7 32. Qxe7+ Kg8 33. Qf8# 1-0

[Event "HELLO..!?  GOOD LUCK."]
[Site "http://www.queenalice.com/game.php?id=1407707"]
[Date "2016.2.5"]
[Round "-"]
[White "Candida80"]
[Black "hankito222"]
[Result "1-0"]
[WhiteElo "1361"]
[BlackElo "1392"]

1. d3 d5 2. Nf3 c5 3. c3 h6 4. Qa4+ Bd7 5. Qf4 g5 6. Qg3 f6 7. h4 g4 8. Nh2 h5
9. e4 e5 10. exd5 Bd6 11. Qe3 b5 12. d4 Qe7 13. c4 exd4 14. Qe2 Na6 15. cxb5 Nb4
16. Na3 Bf5 17. Kd1 O-O-O 18. Qc4 Re8 19. Bd2 a5 20. Rc1 Bf4 21. Be2 Bh6 22. b6
d3 23. Qxc5+ Kb8 24. Be3 Nxa2 25. d6 Qd7 26. Rc4 1-0

[Event "Challenge"]
[Site "http://www.queenalice.com/game.php?id=1410876"]
[Date "2016.2.24"]
[Round "-"]
[White "Candida80"]
[Black "hankito222"]
[Result "1-0"]
[WhiteElo "1378"]
[BlackElo "1363"]

1. e3 e5 2. Bd3 d5 3. f3 Bc5 4. Ne2 f5 5. Ng3 g6 6. c4 Be6 7. a3 dxc4 8. Bc2 Nf6
9. Nc3 a6 10. e4 f4 11. Nge2 O-O 12. g3 Nh5 13. b4 Bd4 14. g4 Nf6 15. g5 Nh5 16.
h4 Ng3 17. Nxg3 fxg3 18. Ke2 1-0

[Event "Challenge"]
[Site "http://www.queenalice.com/game.php?id=1412323"]
[Date "2016.3.6"]
[Round "-"]
[White "pj"]
[Black "hankito222"]
[Result "1-0"]
[WhiteElo "1473"]
[BlackElo "1375"]

1. e4 e5 2. g4 d5 3. exd5 Qxd5 4. Nf3 e4 5. c4 Qc6 6. Nd4 Qf6 7. Nc2 Bc5 8. d4
Bb6 9. c5 Ba5+ 10. b4 Bxb4+ 11. Nxb4 Nh6 12. g5 1-0